Účtovné výkazy rozpočtových organizácií

Charakteristika účtovných výkazov rozpočtových organizácií a ich osobitosti v porovnaní s účtovnými výkazmi podnikateľov. Výkaz o plnení príjmov a výdavkov rozpočtových organizácií a obcí. Súvaha rozpočtových a príspevkových organizácií. Výkaz ziskov a strát.

Gespeichert in:
Bibliographische Detailangaben
1. Verfasser: Kovalčíková, Antónia
Format: Buchkapitel
Sprache:Slowakisch
Schlagworte:
Tags: Tag hinzufügen
Keine Tags, Fügen Sie das erste Tag hinzu!

MARC

LEADER 00000naa a2200000 4500
001 r034223
005 20230912113135.3
041 0 |a slo 
044 |a SK 
245 1 0 |a Účtovné výkazy rozpočtových organizácií  |c Antónia Kovalčíková 
520 |a Charakteristika účtovných výkazov rozpočtových organizácií a ich osobitosti v porovnaní s účtovnými výkazmi podnikateľov. Výkaz o plnení príjmov a výdavkov rozpočtových organizácií a obcí. Súvaha rozpočtových a príspevkových organizácií. Výkaz ziskov a strát. 
610 2 0 |a výkazy účtovné 
610 2 0 |a organizácie rozpočtové 
610 2 0 |a organizácie príspevkové 
610 2 0 |a obce 
610 2 0 |a podnikatelia 
610 2 0 |a príjmy 
610 2 0 |a výdavky 
610 2 0 |a súvaha 
610 2 0 |a výkaz ziskov a strát 
100 1 |a Kovalčíková, Antónia